000 00653nam a2200217 a 4500
001 7653
003 CO-ViMGA
008 141112s2004 ck r 000 u spa d
040 _aCO-ViMGA
_bspa
_cCO-ViMGA
082 0 4 _a155.1 F37a
100 1 _aFernan, Gomez Fernando
_97086
245 1 0 _aEl arte de desear
260 _aMadrid :
_bTemas de Hoy,
_c1992
300 _a238p. : il.
490 _aBiblioteca Erotica
590 _aForma de adquisición : DONACION - - Proveedor : RAFAEL SALAMANCA - - Fecha de adquisición : 01 - 31 - 2001
650 1 4 _aDESEOS
_97087
650 1 4 _aEROTISMO
_953615
650 1 4 _aPSICOLOGIA SEXUAL
_92813
942 _2ddc
_cBK
999 _c19594
_d19594